000 00823nam a22001577a 4500
003 LRUA
005 20220829103218.0
008 220829b xxu||||| |||| 00| 0 eng d
040 _cRUA
082 _2VEM HOK 2019 B1-558 Or.
100 _915141
_aHOK RATHA,ហុក​ រដ្ឋា
245 _aANTIMICROBAIL RESISTANCE PROFILE OF ESCOHRICHIA COLI SWAB FROM NURSERY FAECES IN DOUNG MENG FARM,KAMPONG SPEU PROVIMCE,ករណីESCHERICHIA COLI ស៊ាំនឹងឱសថអង់ទីប្យូទិចក្នុងលាមកកូនជ្រូកក្រោយពេលផ្តាច់ដោះនៅក្នុងកសិដ្ឋាន​ ដួង ម៉េង ខេត្តកំពុងស្ពឺ
260 _aphnom penh
_brua
_c2019
300 _aix.36p.
_bill.
_c29cm.
942 _2ddc
_cVEM
999 _c20381
_d20381